Сборник текстов на английском языке; Химия

Xehetasun bibliografikoak
Erakunde egilea: Академия наук СССР (АН СССР)
Beste egile batzuk: Пумпянский А. Л. (редактор)
Hizkuntza:ingelesa
Argitaratua: Москва, Изд-во АН СССР, 1963
Gaiak:
Formatua: Liburua
KOHA link:https://koha.lib.tpu.ru/cgi-bin/koha/opac-detail.pl?biblionumber=247388

MARC

LEADER 00000nam0a2200000 4500
001 247388
005 20231101232308.0
035 |a (RuTPU)RU\TPU\book\268873 
090 |a 247388 
100 |a 20131225d1963 k y0rusy50 ca 
101 0 |a eng 
102 |a RU 
105 |a y z 000zy 
200 1 |a Сборник текстов на английском языке  |a Химия  |f Академия наук СССР (АН СССР) ; под ред. А. Л. Пумпянского 
210 |a Москва  |c Изд-во АН СССР  |d 1963 
215 |a 189 с. 
606 1 |a Химия  |2 stltpush  |3 (RuTPU)RU\TPU\subj\17362  |9 43035 
610 1 |a лексика 
610 1 |a грамматика 
610 1 |a тексты 
610 1 |a английский язык 
610 1 |a хрестоматии 
675 |a 54  |v 3 
686 |a Ш143.21-923.81  |2 rubbk 
702 1 |a Пумпянский  |b А. Л.  |4 340 
712 0 2 |a Академия наук СССР (АН СССР)  |2 stltpush  |3 (RuTPU)RU\TPU\col\722 
801 1 |a RU  |b 63413507  |c 20131225 
801 2 |a RU  |b 63413507  |c 20161019  |g RCR 
942 |c BK